The Kural, (Record no. 53867)

MARC details
000 -LEADER
fixed length control field 00598cam a22002051 4500
001 - CONTROL NUMBER
control field sa 63001219
003 - CONTROL NUMBER IDENTIFIER
control field DLC
005 - DATE AND TIME OF LATEST TRANSACTION
control field 20260227111926.0
008 - FIXED-LENGTH DATA ELEMENTS--GENERAL INFORMATION
fixed length control field 730920s1952 xx 000 0 eng
010 ## - LIBRARY OF CONGRESS CONTROL NUMBER
LC control number sa 63001219
035 ## - SYSTEM CONTROL NUMBER
System control number (OCoLC)692212
040 ## - CATALOGING SOURCE
Original cataloging agency DLC
Transcribing agency OAU
Modifying agency DLC
050 00 - LIBRARY OF CONGRESS CALL NUMBER
Classification number PL4758.9.T5
Item number T53 1952
100 0# - MAIN ENTRY--PERSONAL NAME
Personal name Tiruvalluvar.
245 14 - TITLE STATEMENT
Title The Kural,
Remainder of title or the maxims of Tiruvalluvar;
Statement of responsibility, etc. translated by V. V. S. Aiyar.
250 ## - EDITION STATEMENT
Edition statement 3d ed.
260 ## - PUBLICATION, DISTRIBUTION, ETC.
Place of publication, distribution, etc. Tiruchirapalli,
Name of publisher, distributor, etc. V. V. S. Krishnamurty,
Date of publication, distribution, etc. 1952.
300 ## - PHYSICAL DESCRIPTION
Extent xlix, 287 p.
Dimensions 19 cm.
700 1# - ADDED ENTRY--PERSONAL NAME
Personal name Aiyar, Va. Vē. Sū.,
Dates associated with a name 1881-1925.

No items available.

Powered by Koha